Adiciones a la historia del ingenioso hidalgo Don Quixote de la Mancha (Record no. 3190)

MARC details
000 -CABECERA
campo de control de longitud fija 01642nam a2200277 a 4500
001 - NÚMERO DE CONTROL
campo de control BRCA_3454
005 - FECHA Y HORA DE LA ÚLTIMA TRANSACCIÓN
campo de control 20190320204306.0
041 ## - CÓDIGO DE LENGUA
Código de lengua del texto/banda sonora o título independiente spa
044 ## - CÓDIGO DEL PAÍS DE LA ENTIDAD EDITORA/PRODUCTORA
Código MARC del país sp
084 ## - OTRO NÚMERO DE CLASIFICACIÓN
Número de clasificación 743
Número de documento/Ítem .D45
-- 1900
100 1# - ENTRADA PRINCIPAL--NOMBRE DE PERSONA
Nombre de persona Delgado, Jacinto María
9 (RLIN) 9029
245 10 - MENCIÓN DE TÍTULO
Título Adiciones a la historia del ingenioso hidalgo Don Quixote de la Mancha
Resto del título en que se prosiguen los sucesos ocurridos a su escudero el famoso Sancho Panza
Mención de responsabilidad, etc. escrita en arábigo por Cide-Hamete Benengeli ; traducido al castellano por Don Jacinto María Delgado.
260 ## - PUBLICACIÓN, DISTRIBUCIÓN, ETC.
Lugar de publicación, distribución, etc. Madrid
Nombre del editor, distribuidor, etc. Blas Román
Fecha de publicación, distribución, etc. [1900]
300 ## - DESCRIPCIÓN FÍSICA
Extensión 374 p.
Dimensiones 15 cm.
500 ## - NOTA GENERAL
Nota general Contenido : Dedicatoria al público de Madrid. Censura. Carta crítica-legal. Prólogo. Notas. Texto
500 ## - NOTA GENERAL
Nota general Continuación de la novela, descabellada de pies a cabeza, puesto que el Duque aragonés nombra a Sancho barón y consultor de Cámara. Éste hace mil locuras y muere a resultas de una apoplejía producida por una copiosa comida. El autor nos presenta, por lo tanto, a un Sancho totalmente distinto del Sancho Panza cervantino. La obra pretende ser una parodia de algunas costumbres extranjeras introducidas en España en imitación de las francesas. Piel; lomera adornada con dorados Lúdovik Osterc
500 ## - NOTA GENERAL
Nota general QMB60
650 14 - PUNTO DE ACCESO ADICIONAL DE MATERIA--TÉRMINO DE MATERIA
Término de materia o nombre geográfico como elemento de entrada Novela española
Subdivisión cronológica Época clásica, 1500-1700
9 (RLIN) 215
650 14 - PUNTO DE ACCESO ADICIONAL DE MATERIA--TÉRMINO DE MATERIA
Término de materia o nombre geográfico como elemento de entrada Literatura española
Subdivisión cronológica Época clásica, 1500-1700
9 (RLIN) 216
650 14 - PUNTO DE ACCESO ADICIONAL DE MATERIA--TÉRMINO DE MATERIA
Término de materia o nombre geográfico como elemento de entrada Novela española
Subdivisión cronológica Siglo XVII
9 (RLIN) 217
650 14 - PUNTO DE ACCESO ADICIONAL DE MATERIA--TÉRMINO DE MATERIA
Término de materia o nombre geográfico como elemento de entrada Don Quijote (Personaje ficticio)
Término indicativo de función/relación Novela
9 (RLIN) 218
700 1# - PUNTO DE ACCESO ADICIONAL--NOMBRE DE PERSONA
Nombre de persona Cide Hamete Benengeli (Personaje ficticio)
9 (RLIN) 9030
740 0# - PUNTO DE ACCESO ADICIONAL--TÍTULO RELACIONADO O ANALÍTICO NO CONTROLADO
Título relacionado o analítico no controlado El Ingenioso Hidalgo Don Quijote de la Mancha
902 ## - CATALOGADOR
Iniciales QFM
942 ## - ELEMENTOS DE PUNTO DE ACCESO ADICIONAL (KOHA)
Fuente del sistema de clasificación o colocación Library of Congress Classification
Tipo de ítem Koha Libros
Holdings
Estado de retiro Estado de pérdida Estado dañado No para préstamo Localización permanente Ubicación/localización actual Fecha de adquisición Número de inventario Total de préstamos Signatura topográfica completa Código de barras Fecha visto por última vez Precio válido a partir de Tipo de ítem Koha
El ejemplar forma parte de la colección y puede ser consultado según las políticas vigentes.       Biblioteca del Museo Franz Mayer (Rogerio Casas-Alatriste) Biblioteca del Museo Franz Mayer (Rogerio Casas-Alatriste) 15/04/2009 QMB60   743 .D45 1900 (QMB60) 3451 22/03/2019 22/03/2019 Libros